000
00317nam a2200133Ia 4500
008
220216s9999 xx 000 0 und d
100
_a
Soman T A
245
0
_a
Kapputhaikal thayyaraakkaan oru naveena reethi
260
_b
Rubber
_c
2010
300
_a
20-21
700
_a
Jacob J
700
_a
Mydin K K
942
_c
BS
999
_c
51984
_d
51984